01123 a2200181 45000010006000000050017000060080041000230030015000640400040000790800022001192450038001410200018001792500012001972640043002093000019002525050649002711000021009202282520260407155518.0260407a1982 arg spa dAR-UNSa-BCEJYS aAR-UNSa-BCEJYSbspacAR-UNSa-BCEJYS a657xContabilidad10aElementos de contabilidad general a950-037-019-0 a10a. ed 1aBuenos Aires :bEdiciones Macchic1982 a477 p.c22 cm. a1. El ente y su zona económica: La hacienda - 2. El patrimonio, elemento material de la hacienda - 3. El capital en las empresas - 4. El órgano administrativo - 5. Las funciones de administración económica - 6. La contabilidad en la esfera de la administración económica - 7. Inventarios - 8. La valuación de inventarios - 9. Presupuestos - 10. El contreñimiento de la gestión administrativa - 11. Las registración en contabilidad - 12. Métodos de registración - 13. La partida doble - 14. Las diversas formas de la partida doble - 15. Rendiciones de cuentas y balances - 16. Modelo balance general y estados contables.1 aArevalo, Alberto